Определение в концентрациях 10[-5]-4*10[-7] % примесей меди, свинца, висмута, цинка, галлия, индия и сурьмы в олове высокой чистоты методом амальгамной полярографии с накоплением на стационарной ртутной капле; Материалы второго совещания по полярографии

Podrobná bibliografie
Parent link:Материалы второго совещания по полярографии.— 1962.— С. 128
Další autoři: Захаров М. С., Каплин А. А., Заичко Л. Ф., Лельчук Х. А., Смородинов В. С., Стромберг А. Г. Армин Генрихович
Shrnutí:В фонде НТБ ТПУ отсутствует
Jazyk:ruština
Vydáno: 1962
Témata:
Médium: MixedMaterials Kapitola
KOHA link:https://koha.lib.tpu.ru/cgi-bin/koha/opac-detail.pl?biblionumber=591385

MARC

LEADER 00000naa0a2200000 4500
001 591385
005 20250825161731.0
035 |a (RuTPU)RU\TPU\tpu\1629 
035 |a TPU00001629 
090 |a 591385 
100 |a 20011210d1962 k||y0rusy50 ca 
101 0 |a rus 
102 |a RU 
200 1 |a Определение в концентрациях 10[-5]-4*10[-7] % примесей меди, свинца, висмута, цинка, галлия, индия и сурьмы в олове высокой чистоты методом амальгамной полярографии с накоплением на стационарной ртутной капле  |f А. Г. Стромберг [и др.] 
333 |a В фонде НТБ ТПУ отсутствует 
463 1 |t Материалы второго совещания по полярографии  |o  Краткое содержание докладов  |v С. 128  |d 1962 
610 1 |a химические науки 
610 1 |a труды учёных ТПУ 
701 1 |a Захаров  |b М. С. 
701 1 |a Каплин  |b А. А. 
701 1 |a Заичко  |b Л. Ф. 
701 1 |a Лельчук  |b Х. А. 
701 1 |a Смородинов  |b В. С. 
701 1 |a Стромберг  |b А. Г.  |c химик, специалист в области классической полярографии и инверсионной вольтамперометрии  |c профессор Томского политехнического института  |f 1910-2004  |g Армин Генрихович  |3 (RuTPU)RU\TPU\pers\11188  |9 2478 
801 0 |a RU  |b 63413507  |c 20011210  |g PSBO 
801 2 |a RU  |b 63413507  |c 20101215  |g PSBO 
942 |c BK